| 000 | 00793nam a2200217Ia 4500 | ||
|---|---|---|---|
| 003 | GCL | ||
| 008 | 140319s9999 xx 000 0 ara d | ||
| 020 | _a6157209977 | ||
| 040 |
_aGCL / _cGCL |
||
| 082 | 0 | 4 |
_a320.955 _bم ح |
| 100 | 1 | _aمصطفى اللباد | |
| 245 | 1 | 0 |
_aحدائق الاحزان : _b"إيران و"" ولاية الفقيه """ / _cمصطفى اللباد |
| 250 | _aالاولى | ||
| 260 |
_aالقاهرة : _bدار الشروق ، _c2006 |
||
| 300 |
_a319 ص ؛ _c24 سم |
||
| 650 | 0 | 4 | _aالحركات الفكرية عند المسلمين |
| 650 | 0 | 4 | _aايران - تاريخ - العصر الحديث- الثورة الاسلامية |
| 650 | 0 | 4 | _aايران - الاحوال السياسية |
| 650 | 0 | 4 | _aالشيعة - ايران |
| 942 |
_2ddc _cBK |
||
| 999 |
_c9570 _d9570 |
||